| 000 | 00419nam a2200145Ia 4500 | ||
|---|---|---|---|
| 008 | 230917s9999||||xx |||||||||||||| ||und|| | ||
| 040 |
_e48926 _aMAIN |
||
| 041 | _aEnglish | ||
| 082 | _a954.01 C392K | ||
| 100 | _aChattopadhyay, Bhaskar | ||
| 245 | 0 | _aKushna state and Indian society: A study in post- Mauryan polity and society | |
| 260 |
_aCalcutta _bPunthi Pustak _c1975 |
||
| 300 | _axlviii, 284 p. | ||
| 942 | _cBK | ||
| 999 |
_c196781 _d196781 |
||